[Event "Reykjavik Open 2018"]
[Site "Reykjavik ISL"]
[Date "2018.03.06"]
[Round "1.75"]
[White "Mai, Aron Thor"]
[Black "Huber-Delle, Guenther"]
[Result "1/2-1/2"]
[WhiteElo "1975"]
[BlackElo "1665"]
[WhiteFideId "2313383"]
[BlackFideId "30904056"]
[EventDate "2018.03.06"]

1. e4 e6 2. d4 d5 3. Nc3 Bb4 4. e5 c5 5. a3 Ba5 6. b4 cxd4 7. Nb5 Bc7 8. f4 Nc6
9. Nf3 Nge7 10. Nbxd4 Nxd4 11. Nxd4 Bd7 12. Bd3 Bb6 13. Be3 Qc7 14. Qd2 Rc8 15.
O-O Qc3 16. Qxc3 Rxc3 17. Kf2 Nc6 18. Nb5 d4 19. Nxc3 dxe3+ 20. Kg3 Bd4 21. Ne2
Bxa1 22. Rxa1 f6 23. exf6 gxf6 24. Kf3 e5 25. Kxe3 Rg8 26. g3 Ke7 27. b5 Nd8 28.
fxe5 fxe5 29. Rb1 h5 30. Rb4 Rf8 31. Rh4 Be8 32. a4 Kd6 33. Nc3 Ne6 34. Ne4+ Kc7
35. c3 Kb6 36. Nd2 Nc5 37. Nc4+ Kc7 38. Nxe5 Nxd3 39. Nxd3 Rf1 40. Nf4 Ra1 41.
Nxh5 Bxh5 42. Rxh5 Rxa4 43. h3 a5 44. bxa6 bxa6 45. g4 Ra1 46. Kd3 a5 47. Kc2 a4
48. Kb2 Rh1 49. Rh6 Kd7 50. h4 Rh2+ 51. Ka3 Rh3 52. Kxa4 Rxc3 53. Kb4 Rc1 54. g5
Ke7 55. Rh7+ Kf8 56. g6 Kg8 57. h5 Rc2 58. h6 Rc6 59. Rg7+ Kh8 60. Kb5 Rb6+ 61.
Kc5 Rc6+ 62. Kd5 Rd6+ 63. Ke5 Re6+ 64. Kf5 Rf6+ 65. Kg4 Rf4+ 66. Kh3 Rh4+ 1/2-1/2

[Event "Reykjavik Open 2018"]
[Site "Reykjavik ISL"]
[Date "2018.03.06"]
[Round "1.76"]
[White "Steingrimsson, Karl Egill"]
[Black "Murray, Michael A."]
[Result "0-1"]
[WhiteElo "1659"]
[BlackElo "1975"]
[WhiteFideId "2304791"]
[BlackFideId "2609126"]
[EventDate "2018.03.06"]

1. Nf3 g6 2. g3 Bg7 3. Bg2 e5 4. d3 Nc6 5. e4 d6 6. c3 Nge7 7. Be3 h6 8. Qc2 O-O
9. Nbd2 f5 10. Nb3 a5 11. a4 Qe8 12. h4 Bd7 13. Qd2 Qf7 14. c4 fxe4 15. Nh2 exd3
16. O-O Qxc4 17. Nc1 Nb4 18. Bxh6 Qc2 19. Qg5 Bf6 20. Qe3 Nf5 21. Qd2 c6 22. Be4
Qxd2 23. Bxd2 d5 24. Bxb4 axb4 25. Bxd3 e4 26. Bc2 Bxb2 27. Rb1 Bc3 28. Ne2 Nd6
29. Bb3 Kg7 30. Rfd1 b5 31. axb5 Nxb5 32. Kg2 d4 33. Nf4 d3 34. Ne6+ Bxe6 35.
Bxe6 Rf6 36. Bh3 Ra2 37. Ng4 Rf8 38. Rf1 c5 39. Ne3 Bd4 40. Be6 Re2 41. Ng4 e3
42. Bc4 Na3 43. Bxd3 Rd2 44. Rbd1 c4 45. Rxd2 exd2 46. Be4 c3 47. Rd1 b3 48. Ra1
c2 0-1

[Event "Reykjavik Open 2018"]
[Site "Reykjavik ISL"]
[Date "2018.03.06"]
[Round "1.77"]
[White "Haraldsson, Haraldur"]
[Black "Vignisson, Ingvar Egill"]
[Result "1-0"]
[WhiteElo "1963"]
[BlackElo "1656"]
[WhiteFideId "2311100"]
[BlackFideId "2309270"]
[EventDate "2018.03.06"]

1. e4 c5 2. Nf3 d6 3. d4 cxd4 4. Nxd4 Nf6 5. Nc3 a6 6. Bg5 e6 7. f4 Be7 8. Qf3
Qc7 9. O-O-O Nbd7 10. Bd3 b5 11. Rhe1 Bb7 12. Kb1 h6 13. Bxf6 Nxf6 14. a3 b4 15.
axb4 O-O 16. g4 d5 17. e5 Nd7 18. Na2 a5 19. b5 Rfb8 20. Qg3 Nc5 21. g5 hxg5 22.
fxg5 Nxd3 23. Rxd3 Qd8 24. Rg1 g6 25. h4 Bc5 26. h5 Qb6 27. hxg6 fxg6 28. Qh4
Bxd4 29. Rxd4 Qc7 30. Rh1 Qg7 31. Qh3 Kf7 32. Rf4+ Ke7 33. Rf6 Bc8 34. Qa3+ Ke8
35. Rh7 1-0

[Event "Reykjavik Open 2018"]
[Site "Reykjavik ISL"]
[Date "2018.03.06"]
[Round "1.78"]
[White "Gardarsson, Hordur"]
[Black "Green, Per"]
[Result "0-1"]
[WhiteElo "1647"]
[BlackElo "1961"]
[WhiteFideId "2303604"]
[BlackFideId "1703811"]
[EventDate "2018.03.06"]

1. d4 Nf6 2. c4 e6 3. Nc3 Bb4 4. Qc2 O-O 5. Nf3 d5 6. Bg5 h6 7. Bh4 Nbd7 8. e3
Re8 9. Be2 dxc4 10. Bxc4 c5 11. O-O cxd4 12. Nxd4 Ne5 13. Be2 Ng6 14. Bg3 e5 15.
Nb3 Be6 16. Rfd1 Qc7 17. Nd4 Bxc3 18. Nb5 Qe7 19. Nxc3 Rac8 20. Qa4 a6 21. Rd2
Bd7 22. Qd1 Bc6 23. e4 Nxe4 24. Nxe4 Bxe4 25. Rd7 Rcd8 26. Rxe7 Rxd1+ 27. Rxd1
Rxe7 28. Rd8+ Kh7 29. f3 Bc6 30. Bd3 e4 31. fxe4 Bxe4 32. Bxe4 Rxe4 33. Rd7 Rb4
34. b3 f6 35. Be1 Rb5 36. Bc3 Ne5 37. Rc7 Kg6 38. Kf1 Ng4 39. h3 Ne3+ 40. Ke2
Nxg2 41. Kd3 Nf4+ 42. Kc4 Nd5 43. a4 Nxc7 44. axb5 Nxb5 45. Be1 Kf7 46. Kc5 Ke6
47. Kb6 Kd5 48. Kxb7 g5 49. Kxa6 Kc6 50. b4 f5 51. Bg3 f4 52. Bh2 f3 53. Bg3 h5
54. h4 gxh4 55. Bxh4 Nc7+ 56. Ka5 Nd5 57. b5+ Kb7 58. b6 Nf4 59. Kb5 Nh3 60. Kc4
f2 61. Bxf2 Nxf2 62. Kd4 0-1

[Event "Reykjavik Open 2018"]
[Site "Reykjavik ISL"]
[Date "2018.03.06"]
[Round "1.79"]
[White "Sajjadi, Kimiya"]
[Black "Fjallheim, Elmar Reinert"]
[Result "1-0"]
[WhiteElo "1958"]
[BlackElo "1644"]
[WhiteFideId "1516434"]
[BlackFideId "7201095"]
[EventDate "2018.03.06"]

1. d4 e6 2. c4 Bb4+ 3. Bd2 Bxd2+ 4. Nxd2 Nf6 5. e4 d6 6. Ngf3 Nc6 7. d5 Ne5 8.
Nxe5 dxe5 9. Qc2 O-O 10. Bd3 b6 11. O-O Re8 12. Rac1 Bb7 13. Rfd1 c6 14. dxe6
Rxe6 15. c5 b5 16. Nf3 Qc7 17. Bf1 Re7 18. Rd6 Nd7 19. Rcd1 Rae8 20. g3 a5 21.
Bh3 Nf8 22. Qd2 Bc8 23. Bxc8 Rxc8 24. Kg2 f6 25. Nh4 Re6 26. Nf5 Rce8 27. Rd3
Ra8 28. Qc2 g6 29. Nh4 Re7 30. Nf3 Ne6 31. Rd6 Kg7 32. b3 Rc8 33. a3 b4 34. axb4
axb4 35. Qc4 Rd8 36. Qxb4 Red7 37. Rxd7+ Rxd7 38. Rxd7+ Qxd7 39. Qc4 Kf7 40. b4
Qa7 41. Qd3 Qc7 42. Qa6 Ke7 43. Qa8 Kf7 44. Nd2 Nd4 45. Nc4 Nb5 46. Qh8 Ke6 47.
Qe8+ 1-0

[Event "Reykjavik Open 2018"]
[Site "Reykjavik ISL"]
[Date "2018.03.06"]
[Round "1.80"]
[White "Hjaltason, Elvar Orn"]
[Black "Van den Bersselaar, Henri"]
[Result "1-0"]
[WhiteElo "1639"]
[BlackElo "1956"]
[WhiteFideId "2315084"]
[BlackFideId "1022032"]
[EventDate "2018.03.06"]

1. e4 d5 2. exd5 Qxd5 3. Nc3 Qd6 4. Nf3 Bg4 5. d4 c6 6. Be3 Nf6 7. Qd2 e6 8.
O-O-O Bxf3 9. gxf3 Nbd7 10. Ne4 Qb4 11. c3 Qa5 12. Bc4 Nd5 13. Kb1 Be7 14. h4
O-O-O 15. Bxd5 Qxd5 16. Qe2 h5 17. Bf4 Qf5 18. Be3 Nb6 19. Ka1 Rd7 20. Rdg1 g6
21. b3 Qa5 22. b4 Qd5 23. Rc1 Qc4 24. Qxc4 Nxc4 25. a4 Rd5 26. f4 Kc7 27. Ka2 a5
28. Kb3 b5 29. axb5 cxb5 30. Nd2 a4+ 31. Kc2 Nxd2 32. Kxd2 Rd6 33. Kd3 Ra8 34.
Ra1 Rc6 35. Ra3 Rc4 36. f3 Kc6 37. Bf2 Kd5 38. Re1 Bd6 39. Bg3 Rac8 40. Re4 Kc6
41. Re2 Kd7 42. Re3 Ke7 43. Ke4 f6 44. Kd3 Kf7 45. Bh2 g5 46. hxg5 fxg5 47. Re4
R4c6 48. Re2 gxf4 49. Re4 Kf6 50. Bxf4 Bxf4 51. Rxf4+ Kg5 52. Re4 h4 53. Re3 Kf4
54. Re4+ Kg3 55. Rg4+ Kh3 56. Kd2 Rf8 57. Ke2 e5 58. Ra1 Kh2 59. Rxh4+ Kg3 60.
Rg4+ Kh2 61. Kf2 Rxf3+ 62. Kxf3 Rxc3+ 63. Kf2 Rc2+ 64. Kf3 Rc3+ 65. Ke4 exd4 66.
Rg5 d3 67. Rd1 Rc4+ 68. Kxd3 Rxb4 69. Rd2+ Kh3 70. Rd1 Rb3+ 71. Kc2 Kh4 72. Rg8
Rh3 73. Rh8+ Kg3 74. Rxh3+ Kxh3 75. Kc3 1-0

[Event "Reykjavik Open 2018"]
[Site "Reykjavik ISL"]
[Date "2018.03.06"]
[Round "1.81"]
[White "Gudmundsson, Bjorgvin S"]
[Black "Hrafnsson, Hreinn"]
[Result "1-0"]
[WhiteElo "1949"]
[BlackElo "1637"]
[WhiteFideId "2310520"]
[BlackFideId "2304686"]
[EventDate "2018.03.06"]

1. d4 Nf6 2. Nf3 e6 3. Bf4 d5 4. e3 c6 5. c3 Bd6 6. Bg3 O-O 7. Nbd2 Ne4 8. Bd3
f5 9. Bxd6 Qxd6 10. Ne5 Nxd2 11. Qxd2 Nd7 12. f4 Nxe5 13. fxe5 Qe7 14. O-O-O Bd7
15. g4 fxg4 16. Rdg1 Qh4 17. Be2 h5 18. h3 g3 19. e4 Qxe4 20. Bd3 Qh4 21. Qe3
Qf4 22. Qxf4 Rxf4 23. Rxg3 Raf8 24. Rhg1 R8f7 25. Rg5 h4 26. Rh5 Be8 27. Kc2 Re7
28. Bh7+ Kf8 29. Bg6 Bxg6+ 30. Rxg6 Ref7 31. Rh8+ Ke7 32. Rb8 Rf2+ 33. Kb3 b5
34. Ra8 Kd7 35. Rxa7+ Kc8 36. Ra8+ Kb7 37. Rh8 Rd2 38. Kb4 Rxb2+ 39. Kc5 Kc7 40.
Rxe6 Rd7 41. Rxc6+ Kb7 42. Rb6+ Ka7 43. e6 Re7 44. Rd6 1-0

[Event "Reykjavik Open 2018"]
[Site "Reykjavik ISL"]
[Date "2018.03.06"]
[Round "1.82"]
[White "Lima, Steinar"]
[Black "Sikkel, Dirk"]
[Result "0-1"]
[WhiteElo "1637"]
[BlackElo "1937"]
[WhiteFideId "1542290"]
[BlackFideId "1050079"]
[EventDate "2018.03.06"]

1. d4 g6 2. c4 Bg7 3. Nf3 d6 4. Nc3 e5 5. e4 Nc6 6. d5 Nd4 7. h3 c5 8. dxc6 bxc6
9. Bd3 Ne7 10. O-O O-O 11. Nxd4 exd4 12. Ne2 c5 13. Nf4 Qc7 14. Nd5 Nxd5 15.
exd5 Rb8 16. b3 Bd7 17. Bf4 Rbe8 18. Qd2 f5 19. Bh6 Bc8 20. Bxg7 Qxg7 21. Rfe1
Qf6 22. Rxe8 Rxe8 23. Re1 Rxe1+ 24. Qxe1 Kf7 25. Qa5 Qe7 26. Kf1 f4 27. Qe1
Qxe1+ 28. Kxe1 Kf6 29. Kd2 h5 30. h4 g5 31. g3 gxh4 32. gxh4 f3 33. a3 a5 34.
Be4 Bg4 35. Kd3 Ke5 36. Bg6 Bf5+ 37. Bxf5 Kxf5 38. b4 cxb4 39. axb4 axb4 40.
Kxd4 Kf6 41. c5 dxc5+ 42. Kxc5 b3 43. d6 Ke6 44. Kc4 b2 45. d7 Kxd7 0-1

[Event "Reykjavik Open 2018"]
[Site "Reykjavik ISL"]
[Date "2018.03.06"]
[Round "1.84"]
[White "Hannesson, Sigurdur Orn"]
[Black "Frank, Tena"]
[Result "0-1"]
[BlackTitle "WFM"]
[WhiteElo "1623"]
[BlackElo "1921"]
[WhiteFideId "2316056"]
[BlackFideId "4624297"]
[EventDate "2018.03.06"]

1. d4 d5 2. c4 c6 3. Nf3 e6 4. Nc3 dxc4 5. a4 Bb4 6. Bd2 a5 7. e4 Bxc3 8. Bxc3
b5 9. axb5 cxb5 10. b3 Bb7 11. d5 Nf6 12. bxc4 Nxe4 13. Bxg7 Rg8 14. Qd4 exd5
15. Qe5+ Qe7 16. cxb5 f6 17. Qxe7+ Kxe7 18. Bh6 Nd7 19. g3 Ndc5 20. Nd4 a4 21.
Be3 Nb3 22. Ra3 Rgc8 23. Bh3 Nxd4 24. O-O Rc4 25. Bxd4 Rxd4 26. Re1 Kd6 27. f3
Nc5 28. Bf5 h6 29. Rb1 Re8 30. Kg2 Re2+ 31. Kh3 Rdd2 32. Rh1 Rb2 33. Bd3 Re3 0-1

[Event "Reykjavik Open 2018"]
[Site "Reykjavik ISL"]
[Date "2018.03.06"]
[Round "1.85"]
[White "Fivelstad, Jon Olav"]
[Black "Kreken, Eivind Grunt"]
[Result "1/2-1/2"]
[WhiteElo "1916"]
[BlackElo "1612"]
[WhiteFideId "1510339"]
[BlackFideId "1532359"]
[EventDate "2018.03.06"]

1. Nf3 d5 2. b3 Nf6 3. Bb2 e6 4. g3 Bd6 5. Bg2 c5 6. O-O Nc6 7. d4 O-O 8. e3 b5
9. dxc5 Bxc5 10. Ne1 Bb7 11. Nd3 Bd6 12. Nc3 a6 13. Nf4 Be5 14. Nd3 Bd6 15. e4
dxe4 16. Nxe4 Nxe4 17. Bxe4 Na5 18. Qg4 g6 19. Bxb7 Nxb7 20. Qd4 f6 21. Rfe1 e5
22. Qd5+ Rf7 23. Rad1 Bf8 24. c4 Qxd5 25. cxd5 Rd7 26. f4 Rxd5 27. fxe5 Rad8 28.
Nf2 Rxd1 29. Rxd1 Rxd1+ 30. Nxd1 fxe5 31. Bxe5 Bc5+ 32. Kg2 Kf7 33. Kf3 Ke6 34.
Bb2 Nd8 1/2-1/2

[Event "Reykjavik Open 2018"]
[Site "Reykjavik ISL"]
[Date "2018.03.06"]
[Round "1.86"]
[White "Piovar, Jaroslav"]
[Black "Arvidsson, Jonas"]
[Result "1/2-1/2"]
[WhiteElo "1592"]
[BlackElo "1913"]
[WhiteFideId "14927004"]
[BlackFideId "1717839"]
[EventDate "2018.03.06"]

1. d4 Nf6 2. Bg5 e6 3. e4 Be7 4. e5 Nd5 5. Bxe7 Qxe7 6. c3 Nc6 7. Nd2 d6 8. exd6
cxd6 9. Ngf3 O-O 10. Qc2 e5 11. dxe5 Nxe5 12. Be2 Nf4 13. Nxe5 Qxe5 14. Nf3 Qe7
15. Kf1 Bg4 16. Nd4 Nxe2 17. Nxe2 Rfe8 18. f3 Bh5 19. Ng3 Bg6 20. Qd2 Qc7 21.
Qd4 Re6 22. Re1 Rae8 23. Rxe6 Rxe6 24. Kf2 Qa5 25. Ra1 h6 26. Ne2 Qb5 27. c4 Qe5
28. Qxe5 dxe5 29. Rd1 Re7 30. Rd2 f6 31. a3 Bf5 32. b4 Rd7 33. Rxd7 Bxd7 34. c5
Kf7 35. Nc3 g6 36. a4 f5 37. b5 1/2-1/2

[Event "Reykjavik Open 2018"]
[Site "Reykjavik ISL"]
[Date "2018.03.06"]
[Round "1.87"]
[White "Mancini, Giustino"]
[Black "Henderson, S E"]
[Result "0-1"]
[WhiteElo "1905"]
[BlackElo "1582"]
[WhiteFideId "806285"]
[BlackFideId "2081679"]
[EventDate "2018.03.06"]

1. d4 e6 2. c4 d5 3. Nc3 Nf6 4. Nf3 c6 5. e3 Nbd7 6. Bd3 Be7 7. O-O O-O 8. Bd2
dxc4 9. Bxc4 Re8 10. Qc2 Nf8 11. Rfd1 Nd5 12. a3 Bd7 13. Ne2 Rc8 14. e4 Nf6 15.
b4 h6 16. Ng3 N6h7 17. Qb3 Ng5 18. Ne5 Bd6 19. Bf4 Qc7 20. Rac1 f6 21. Bxg5 fxg5
22. Nxd7 Qxd7 23. e5 Bc7 24. Ne4 Qf7 25. Rc3 Rcd8 26. Qc2 Re7 27. Nc5 Bb8 28.
Rf3 Qh5 29. Rxf8+ Kxf8 30. Nxe6+ Rxe6 31. Bxe6 Ke7 32. Bb3 Rd7 33. g3 Qf3 34.
Qc5+ Kd8 35. Qc4 Bxe5 36. Re1 Bxd4 37. Rf1 h5 38. Qg8+ Kc7 39. Bd1 Bxf2+ 40.
Rxf2 Rxd1+ 0-1

[Event "Reykjavik Open 2018"]
[Site "Reykjavik ISL"]
[Date "2018.03.06"]
[Round "1.88"]
[White "Kvamme, Ingrid Jodre"]
[Black "Marshall, Michael"]
[Result "1/2-1/2"]
[WhiteElo "1576"]
[BlackElo "1890"]
[WhiteFideId "1516981"]
[BlackFideId "1409956"]
[EventDate "2018.03.06"]

1. Nf3 d5 2. g3 Nf6 3. Bg2 e6 4. O-O Be7 5. d3 O-O 6. b3 c5 7. c4 d4 8. e3 Nc6
9. exd4 cxd4 10. Bg5 Re8 11. Nbd2 h6 12. Bxf6 Bxf6 13. Re1 e5 14. Ne4 Be7 15. a3
a5 16. Qd2 f5 17. Qc2 fxe4 18. Rxe4 Bf6 19. Rae1 Bf5 20. R4e2 Qd7 21. Nd2 Bg4
22. Re4 Bf5 23. R4e2 Kh8 24. c5 Be6 25. Nc4 Bxc4 26. Qxc4 Red8 27. b4 axb4 28.
axb4 Ne7 29. b5 Rac8 30. Rc2 Nd5 31. h4 Rc7 32. Kh2 Qf7 33. Ra1 Qd7 34. c6 bxc6
35. bxc6 Qd6 36. Ra5 Ne7 37. Rb5 g5 38. h5 Kg7 39. Rb7 Rdc8 40. Qb5 Kf8 41. Rxc7
Rxc7 42. Be4 Kg7 43. Qc4 Kf8 44. Ra2 Kg7 45. Ra6 Rc8 46. Ra7 Rc7 47. Rxc7 Qxc7
48. Qe6 Qc8 49. Qd6 Qg4 50. c7 Nc8 51. Qc6 Qxh5+ 52. Kg2 Qf7 53. Bf5 Ne7 54. Qd7
h5 55. c8=Q Nxc8 56. Qxc8 h4 57. Qd7 Qxd7 1/2-1/2

[Event "Reykjavik Open 2018"]
[Site "Reykjavik ISL"]
[Date "2018.03.06"]
[Round "1.89"]
[White "Jacobsen, Heidrikur T."]
[Black "Halldorsson, Haukur"]
[Result "1-0"]
[WhiteElo "1887"]
[BlackElo "1569"]
[WhiteFideId "7200340"]
[BlackFideId "2305089"]
[EventDate "2018.03.06"]

1. Nc3 d5 2. e4 dxe4 3. Nxe4 Bf5 4. Ng3 Bg6 5. Nf3 e6 6. d4 h6 7. Ne5 Bh7 8. Qf3
Nf6 9. Qxb7 Nbd7 10. Nc6 Qc8 11. Ba6 Nb6 12. Qxc8+ Nxc8 13. Bb7 Nb6 14. Bxa8
Nxa8 15. c3 a6 16. Ke2 Bd6 17. f3 Nb6 18. Bd2 Nc4 19. b3 Nxd2 20. Kxd2 Nd5 21.
Ne2 O-O 22. c4 Ne7 23. Nxe7+ Bxe7 24. g3 Rd8 25. Kc3 c5 26. dxc5 Bf6+ 27. Kb4
Bxa1 28. Rxa1 e5 29. c6 Bf5 30. Nc3 Rc8 31. Nd5 Kf8 32. Kc5 Bd7 33. c7 Be6 34.
Kd6 Bxd5 35. cxd5 Ke8 36. Kc6 1-0

[Event "Reykjavik Open 2018"]
[Site "Reykjavik ISL"]
[Date "2018.03.06"]
[Round "1.90"]
[White "Briem, Benedikt"]
[Black "Kleinert, Juergen"]
[Result "0-1"]
[WhiteElo "1560"]
[BlackElo "1887"]
[WhiteFideId "2315432"]
[BlackFideId "4659180"]
[EventDate "2018.03.06"]

1. d4 d5 2. c4 dxc4 3. e3 Nf6 4. Bxc4 e6 5. Nf3 a6 6. O-O c5 7. dxc5 Qa5 8. b3
Bxc5 9. Bb2 Be7 10. Nbd2 Nc6 11. Bd3 O-O 12. Nc4 Qd8 13. a3 b5 14. Nce5 Bb7 15.
Qe2 Nxe5 16. Nxe5 Qd5 17. e4 Nxe4 18. Bxe4 Qxe4 19. Qxe4 Bxe4 20. b4 Bf6 21. f3
Bd5 22. Rf2 Rfd8 23. Rc1 Rac8 24. Rfc2 Rxc2 25. Rxc2 Bb7 26. Ng4 Bxb2 27. Rxb2
Rd3 28. Rc2 h5 29. Ne5 Rxa3 30. Rc7 Bd5 31. Nxf7 Ra4 32. Ng5 g6 33. Re7 Kf8 34.
Rf7+ Ke8 35. Rf6 Rxb4 36. Rxg6 a5 37. Rh6 a4 38. Nxe6 Bxe6 39. Rxe6+ Kf7 40. Ra6
Rb3 41. Ra7+ Ke6 42. Ra6+ Ke5 43. Ra5 a3 44. Kf1 Kf4 45. Ke1 b4 46. Kd1 Rb2 47.
Kc1 Rxg2 48. Rxh5 b3 49. Rh4+ Ke3 50. Re4+ Kd3 0-1

[Event "Reykjavik Open 2018"]
[Site "Reykjavik ISL"]
[Date "2018.03.06"]
[Round "1.91"]
[White "Goldammer, Christian"]
[Black "Heidarsson, Arnar"]
[Result "1-0"]
[WhiteElo "1885"]
[BlackElo "1557"]
[WhiteFideId "30947200"]
[BlackFideId "2312875"]
[EventDate "2018.03.06"]

1. e4 e5 2. Nf3 Nc6 3. Bb5 a6 4. Ba4 b5 5. Bb3 Be7 6. d3 Nf6 7. O-O O-O 8. Re1
d6 9. c3 h6 10. a4 Bd7 11. Nbd2 Na5 12. Bc2 c5 13. Nf1 Nc6 14. Ng3 Re8 15. h3
Nh7 16. Be3 b4 17. Qd2 Ng5 18. Nh2 Qc8 19. Qe2 Nh7 20. Rf1 Bg5 21. f4 exf4 22.
Bxf4 Bxf4 23. Rxf4 bxc3 24. bxc3 Be6 25. Raf1 Qd7 26. Ng4 Ne5 27. Ne3 Ng6 28.
R1f2 d5 29. Qh5 d4 30. cxd4 cxd4 31. Nef5 Ne7 32. Nxh6+ gxh6 33. Qxh6 Nc6 34.
Nh5 f6 35. Rxf6 Ne5 36. Rf7 1-0

[Event "Reykjavik Open 2018"]
[Site "Reykjavik ISL"]
[Date "2018.03.06"]
[Round "1.92"]
[White "Sigurdsson, Baldur Heidar"]
[Black "Davidsson, Oskar Vikingur"]
[Result "0-1"]
[WhiteElo "1540"]
[BlackElo "1882"]
[WhiteFideId "2313766"]
[BlackFideId "2310627"]
[EventDate "2018.03.06"]

1. e4 c5 2. c3 Nf6 3. e5 Nd5 4. Bc4 Nb6 5. Bb3 c4 6. Bc2 Nc6 7. Nf3 g6 8. d4
cxd3 9. Qxd3 Bg7 10. Bf4 O-O 11. O-O e6 12. Nbd2 Nd5 13. Bg3 Qc7 14. Nc4 b6 15.
Nd6 a5 16. Rfe1 Ba6 17. Qe4 Nce7 18. Nh4 Nc8 19. Nxc8 Raxc8 20. f4 Bb7 21. Qd3
Rfd8 22. Nf3 Qc5+ 23. Nd4 d6 24. Kh1 Nxf4 25. Bxf4 dxe5 26. Nxe6 fxe6 27. Be3
Rxd3 28. Bxc5 Rd2 29. Bb3 bxc5 30. Bxe6+ Kf8 31. Bxc8 Bxc8 32. Red1 Rxd1+ 33.
Rxd1 Bf5 34. Kg1 c4 35. b3 Bd3 36. bxc4 Bxc4 37. Kf2 e4 38. Ke3 Bd3 39. c4 Ke7
40. g4 Kd6 41. h4 Kc5 0-1

[Event "Reykjavik Open 2018"]
[Site "Reykjavik ISL"]
[Date "2018.03.06"]
[Round "1.93"]
[White "Puglia, Francesco"]
[Black "Jonasson, Hordur"]
[Result "1-0"]
[WhiteElo "1878"]
[BlackElo "1539"]
[WhiteFideId "2820060"]
[BlackFideId "2311224"]
[EventDate "2018.03.06"]

1. e4 c6 2. d4 d5 3. Nc3 dxe4 4. Nxe4 Bf5 5. Ng3 Bg6 6. Bc4 e6 7. Nf3 Nd7 8. Qe2
Bd6 9. Ne5 Bxe5 10. dxe5 Qa5+ 11. Bd2 Qxe5 12. O-O-O Qxe2 13. Nxe2 Ngf6 14. f3
h6 15. Nf4 Bh7 16. Rhe1 O-O-O 17. Re3 g5 18. Nh3 Rhe8 19. Ra3 Kb8 20. Nf2 Nb6
21. Bf1 Nfd7 22. Ng4 f6 23. Nxh6 Bg6 24. Ng4 Bf5 25. Ne3 Bg6 26. c4 Ne5 27. c5
Nc8 28. Nc4 Nd3+ 29. Bxd3 Bxd3 30. Rxd3 Rxd3 31. Bf4+ gxf4 32. Rxd3 e5 33. Kd1
Rg8 34. Rd2 b6 35. Ke1 Kc7 36. b4 Rh8 37. h3 Rg8 38. Kf2 Rg6 39. Rd1 Ne7 40. Rd6
Nd5 41. Nxe5 bxc5 42. Rxc6+ Kb7 43. Nxg6 Kxc6 44. bxc5 Kxc5 45. h4 1-0

[Event "Reykjavik Open 2018"]
[Site "Reykjavik ISL"]
[Date "2018.03.06"]
[Round "1.94"]
[White "Morgan, George"]
[Black "Johannsson, Birkir Isak"]
[Result "0-1"]
[WhiteElo "1536"]
[BlackElo "1867"]
[WhiteFideId "3227340"]
[BlackFideId "2314673"]
[EventDate "2018.03.06"]

1. e4 c5 2. d4 cxd4 3. c3 dxc3 4. Nxc3 Nc6 5. Bc4 d6 6. Nf3 e6 7. O-O Be7 8. Qe2
Nf6 9. Rd1 e5 10. h3 O-O 11. Bg5 Be6 12. Bb5 Qc7 13. Rac1 a6 14. Bd3 Qd8 15. Bb1
Rc8 16. Rd2 Qc7 17. Rcd1 Rfd8 18. Bxf6 Bxf6 19. Nd5 Bxd5 20. Rxd5 Be7 21. g4 b5
22. a3 Na5 23. b4 Nc4 24. Rc1 Qb7 25. Qa2 Nb6 26. Rdd1 Rc4 27. Rxc4 Nxc4 28. a4
d5 29. exd5 Rxd5 30. Qc2 Rxd1+ 31. Qxd1 Bxb4 32. Qd8+ Bf8 33. Bxh7+ Kxh7 34.
Qh4+ Kg8 35. Ng5 Bc5 36. Qh7+ Kf8 37. Qh8+ Ke7 38. Qxg7 Qd5 39. Nh7 Kd6 40. Nf6
Qe6 41. Qf8+ Kc6 42. Qa8+ Kc7 43. Ne8+ Kd7 44. Ng7 Qc6 45. Qe8+ Kc7 46. Qxf7+
Kb6 47. axb5 axb5 48. h4 Nd2 49. Qh5 Qf3 50. Qh6+ Kb7 51. Qxd2 Qxg4+ 52. Kf1
Qxg7 53. Qd5+ Kb6 54. Qe6+ Kc7 55. Qa2 Qd7 56. Qa5+ Kc6 57. Qa8+ Kd6 58. Qb8+
Kd5 59. Qg8+ Kd4 60. Qg3 Qf5 61. Qe3+ Kd5 62. Qd2+ Bd4 63. Qa2+ Kc5 64. Qa3+ b4
65. Qa7+ Kc4 66. Qa2+ b3 67. Qa4+ Kc3 68. Qa5+ Kb2 69. Qd2+ Qc2 70. Qe1 Qc1 0-1

[Event "Reykjavik Open 2018"]
[Site "Reykjavik ISL"]
[Date "2018.03.06"]
[Round "1.95"]
[White "Eiriksson, Sigurdur"]
[Black "Walker, Gordon J"]
[Result "1-0"]
[WhiteElo "1866"]
[BlackElo "1509"]
[WhiteFideId "2302314"]
[BlackFideId "2406497"]
[EventDate "2018.03.06"]

1. d4 e6 2. Bf4 Nf6 3. e3 d5 4. c3 c5 5. Nd2 Nc6 6. Ngf3 Be7 7. Bd3 O-O 8. Ne5
Bd6 9. Ndf3 h6 10. h3 Ne4 11. Qc2 Bxe5 12. Nxe5 Nxe5 13. Bxe5 Qg5 14. Bxe4 dxe4
15. Qxe4 cxd4 16. cxd4 f6 17. h4 Qh5 18. Bd6 Re8 19. O-O Qd5 20. Qg6 Bd7 21. Bf4
Qf5 22. Qg3 h5 23. Rac1 Rac8 24. f3 Bc6 25. Rc5 Qh7 26. Rfc1 Kf7 27. e4 Qg6 28.
Qf2 a6 29. Qd2 Bd7 30. Rc7 Rxc7 31. Rxc7 Rd8 32. Rxb7 Ke8 33. Qb4 Qf7 34. Bd6
Rc8 35. Rb8 e5 36. d5 Qg8 37. Qb7 Qf8 1-0

[Event "Reykjavik Open 2018"]
[Site "Reykjavik ISL"]
[Date "2018.03.06"]
[Round "1.96"]
[White "Sigurvaldason, Hjalmar"]
[Black "Andrason, Pall"]
[Result "0-1"]
[WhiteElo "1499"]
[BlackElo "1858"]
[WhiteFideId "2306018"]
[BlackFideId "2300630"]
[EventDate "2018.03.06"]

1. e4 c5 2. Nf3 d6 3. c3 g6 4. d4 cxd4 5. Nxd4 a6 6. Be3 Bg7 7. Bc4 Nf6 8. Nd2
Bd7 9. Qb3 Nc6 10. Nxc6 Bxc6 11. Bxf7+ Kf8 12. Bd5 Nxd5 13. exd5 Bd7 14. O-O b5
15. Nf3 Qc8 16. Bd4 Bf6 17. Ng5 Bf5 18. Ne6+ Kf7 19. Bxf6 exf6 20. Nd4 Bd3 21.
Rfe1 Bc4 22. Qd1 Qc5 23. Ne6 Qxd5 24. Qxd5 Bxd5 25. Nc7 Bc6 26. Nxa8 Rxa8 27.
Rad1 Rd8 28. Rd4 d5 29. b3 Rb8 30. c4 bxc4 31. bxc4 Rb4 32. cxd5 Rxd4 33. dxc6
Rc4 34. g3 Rxc6 35. Rb1 Ke6 36. h3 h5 37. h4 Kd5 38. Rb4 Kc5 39. Rb3 Rb6 40. Re3
a5 41. Rf3 f5 42. Re3 a4 43. a3 Kd5 44. Kf1 Rb3 45. Ke2 Rb2+ 46. Kf3 Rb3 47. Ke2
Kc4 48. Kd2 Rb2+ 49. Ke1 Kd5 50. f4 Kc4 51. Re6 Rb3 52. Rxg6 Rxa3 53. Rg5 Rb3
54. Rxf5 Rxg3 55. Rxh5 a3 56. Ra5 Kb4 57. Ra8 Rf3 58. Rb8+ Kc3 59. Rc8+ Kb2 60.
Rb8+ Rb3 0-1